Hayat-e- muhammad peace be upon him, quran hakeem key aynee may (Record no. 574119)
[ view plain ]
| 000 -LEADER | |
|---|---|
| fixed length control field | 00495nam a22001697a 4500 |
| 003 - CONTROL NUMBER IDENTIFIER | |
| control field | CEME |
| 005 - DATE AND TIME OF LATEST TRANSACTION | |
| control field | 20210628203532.0 |
| 008 - FIXED-LENGTH DATA ELEMENTS--GENERAL INFORMATION | |
| fixed length control field | 210119b xxu||||| |||| 00| 0 eng d |
| 040 ## - CATALOGING SOURCE | |
| Transcribing agency | . |
| 082 ## - DEWEY DECIMAL CLASSIFICATION NUMBER | |
| Classification number | 297.63 SYE |
| 100 ## - MAIN ENTRY--PERSONAL NAME | |
| Personal name | Syed Muhammad Abu- Al-Khair Kashfee |
| 9 (RLIN) | 66087 |
| 245 ## - TITLE STATEMENT | |
| Title | Hayat-e- muhammad peace be upon him, quran hakeem key aynee may |
| 260 ## - PUBLICATION, DISTRIBUTION, ETC. | |
| Place of publication, distribution, etc. | KARACHI |
| Name of publisher, distributor, etc. | DAR-UL-ASHAAT |
| Date of publication, distribution, etc. | 2006 |
| 300 ## - PHYSICAL DESCRIPTION | |
| Extent | 262P |
| 650 ## - SUBJECT ADDED ENTRY--TOPICAL TERM | |
| Topical term or geographic name entry element | ISLAM-HAYAT-E- MUHAMMAD PEACE BE UPON HIM |
| 9 (RLIN) | 66088 |
| 942 ## - ADDED ENTRY ELEMENTS (KOHA) | |
| Koha item type | Book |
| Source of classification or shelving scheme | |
| Withdrawn status | Lost status | Damaged status | Not for loan | Permanent Location | Current Location | Shelving location | Date acquired | Total Checkouts | Full call number | Barcode | Date last seen | Price effective from | Koha item type |
|---|---|---|---|---|---|---|---|---|---|---|---|---|---|
| College of Electrical & Mechanical Engineering (CEME) | College of Electrical & Mechanical Engineering (CEME) | General Stacks | 07/28/2017 | 297.63 SYE | CEME-45058 | 06/28/2021 | 06/28/2021 | Book |
